| 000 | 00418nam a2200157 i 4500 | ||
|---|---|---|---|
| 001 | 37643 | ||
| 003 | ES-MaACL | ||
| 005 | 20230906155622.0 | ||
| 007 | t| | ||
| 008 | 030221s1914 fr ||||1| fre d | ||
| 100 | 1 |
_aBuyse, Omer. _932994 |
|
| 245 | 1 | 4 |
_aUne université du travail / _cOmer Buyse. |
| 260 |
_a[S.l. : _bs.n., _c1914] ( _eCharleroi : _fSeuris) |
||
| 300 |
_a522 p. ; _c26 cm. |
||
| 852 |
_aES-MaACL _jF-8234 |
||
| 999 |
_c37643 _d37643 |
||